徐兰高铁设站的所有地级和县级行政区 - Statistics

General Stats
  • This quiz has been taken 14 times
  • The average score is 33 of 42
Answer Stats
Answer % Correct
徐州市
100%
商丘市
100%
开封市
100%
郑州市
100%
洛阳市
100%
西安市
100%
咸阳市
100%
宝鸡市
100%
天水市
100%
兰州市
100%
三门峡市
92%
渭南市
92%
定西市
92%
宿州市
85%
渑池县
85%
兰考县
77%
荥阳市
77%
巩义市
77%
陕州区
77%
灵宝市
77%
华阴市
77%
未央区
77%
麦积区
77%
永城市
69%
金水区
69%
洛龙区
69%
秦都区
69%
杨陵区
69%
渭滨区
69%
秦安县
69%
通渭县
69%
榆中县
69%
七里河区
69%
贾汪区
62%
萧县
62%
砀山县
62%
临渭区
62%
安定区
62%
民权县
54%
岐山县
54%
梁园区
46%
龙亭区
38%
No matching quizzes found
Score Distribution
Percent of People with Each Score
Percentile by Number Answered
Your Score History
You have not taken this quiz